000
00231nam a2200085Ia 4500
245
0
_a
Veterinarian
100
_a
THOMAS. William Pleasantville. NY. [c.2009]
_9
75980
942
_c
BK
008
210825s9999 xx 000 0 und d
999
_c
480971
_d
480970